|
|
|
|
| LEADER |
01438nam a22004098i 4500 |
| 001 |
34379 |
| 003 |
BD-DhAAL |
| 005 |
20211207121122.0 |
| 008 |
190324t2018 nyu 000 0 eng |
| 999 |
|
|
|c 40513
|d 40513
|
| 010 |
|
|
|a 2018011586
|
| 020 |
|
|
|a 9781138498570 (pbk.)
|
| 020 |
|
|
|a 9781138498563 (hardback)
|
| 020 |
|
|
|z 9781351016117 (ebook)
|
| 020 |
|
|
|z 9781351016100 (web pdf)
|
| 020 |
|
|
|z 9781351016094 (epub)
|
| 020 |
|
|
|a 9781351016087
|
| 040 |
|
|
|a DLC
|b eng
|c DLC
|e rda
|d BD-DhAAL
|
| 042 |
|
|
|a pcc
|
| 050 |
0 |
0 |
|a HG173
|b .M273 2018
|
| 082 |
0 |
0 |
|a 332
|2 23
|
| 245 |
0 |
4 |
|a The making of finance :
|b perspectives from the social sciences /
|c edited by Isabelle Chambost, Marc Lenglet and Yamina Tadjeddine.
|
| 250 |
|
|
|a 1 Edition.
|
| 260 |
|
|
|a New York :
|b Routledge,
|c c2019
|
| 300 |
|
|
|a xvi, 289 pages :
|b illustrations ;
|c 25 cm
|
| 526 |
|
|
|a ESS
|
| 541 |
|
|
|a Parama
|e 34379
|
| 650 |
|
0 |
|a Finance.
|9 30513
|
| 650 |
|
0 |
|a Banks and banking.
|9 30514
|
| 650 |
|
0 |
|a Financial institutions
|x Law and legislation.
|9 30515
|
| 650 |
|
0 |
|a Economics.
|9 43507
|
| 700 |
1 |
|
|a Chambost, Isabelle
|9 30516
|
| 700 |
1 |
|
|a Lenglet, Marc,
|d 1978-
|9 30517
|
| 700 |
1 |
|
|a Tadjeddine, Yamina.
|9 30518
|
| 852 |
|
|
|a Ayesha Abed Library
|c General Stacks
|
| 942 |
|
|
|2 ddc
|c BK
|
| 952 |
|
|
|0 0
|1 0
|2 ddc
|4 0
|6 332_000000000000000_MAK
|7 0
|9 65138
|a BRACUL
|b BRACUL
|c GEN
|d 2019-02-26
|e Parama
|g 2129.29
|l 0
|o 332 MAK
|p 3010034379
|r 2019-02-26
|t 1
|v 2129.29
|w 2019-02-26
|y BK
|